| 000 | 01650nam a22001577a 4500 | ||
|---|---|---|---|
| 041 | _aukr | ||
| 080 | _a09 | ||
| 090 | _bЛОБ | ||
| 100 | _aЛободовська Т.М. | ||
| 245 | _aЛексикографічне представлення граматичної і фонетичної систем української та англійської мов в тлумачних словниках | ||
| 260 |
_aОстрог _bКАФ _c2012 |
||
| 300 | _a52 | ||
| 520 |
_aРОЗДІЛ 1. СЛОВНИК ЯК ВТІЛЕННЯ ПРАКТИКИ ЛЕКСИКОГРАФІЇ.
1.1. Поняття словника. Класифікація словників.
1.1.1. Українська та американська сучасні тлумачні лексикографії.
1.2. Макро- та мікроструктура словника.
1.2.1. Представлення граматичної та фонетичної інформації засобами словника.
РОЗДІЛ 2. ДЕСКРИПТИВНО-КОМПАРАТИВНИЙ АНАЛІЗ ПРЕДСТАВЛЕННЯ ФОНЕТИЧНОЇ ТА ГРАМАТИЧНОЇ ІНОФРМАЦІЇ У ТЛІМАЧНИХ СЛОВНИКАХ.
2.1. Аналіз опису граматичної та фонетичної систем української мови засобами тлумачних словників.
2.2. Аналіз опису граматичної та фонетичної систем англійської мови засобами тлумачних словників. _0граматика, фонетика |
||
| 650 | _aResearch Papers | ||
| 999 |
_c284885 _d284885 |
||
| 942 | _cBK | ||